Statistics for Romanian World Championship Teams

Click here to take the quiz!

General Stats

  • This quiz has been taken 337 times
    (35 since last reset)
  • The average score is 63 of 174

Answer Stats

HintAnswer% Correct
1978 | 1979Nadia Comaneci
100%
| 2003 | 2011Catalina Ponor
78%
Corina Ungureanu
67%
| 1989Daniela Silivas
67%
Ecaterina Szabo
67%
| 2013 | 2014Larisa Iordache
67%
Teodora Ungureanu
67%
| 1996Alexandra Marinescu
56%
Alexandria Marinescu
56%
| 2001Andreea Raducan
56%
| 1987Aurelia Dobre
56%
Camelia Voinea
56%
| 1991Cristina Bontas
56%
| 1993Gina Gogean
56%
| 1983Lavinia Agache
56%
| 1992 | 1994 | 1995Lavinia Milosovici
56%
Oana Ban
56%
Sabrina Voinea
56%
| 2006 | 2007Sandra Izbasa
56%
| 1997Simona Amanar
56%
Alexandra Eremia
44%
| 2015Diana Bulimar
44%
Emilia Eberle
44%
Maria Neculita
44%
1999Maria Olaru
44%
Monica Rosu
44%
Silvia Stroescu
44%
| 2009 | 2010Ana Porgras
33%
Anca Grigoras
33%
Andreea Munteanu
33%
Atanasia Ionescu
33%
Carmen Ionescu
33%
Claudia Presecan
33%
Cristina Grigoras
33%
Daniela Druncea
33%
Diana Chelaru
33%
Maria Holbura
33%
Nadia Hategan
33%
| 1981Rodica Dunca
33%
Steliana Nistor
33%
Amelia Racea
22%
Ana Maria Ocolisan
22%
Anamaria Ocolisan
22%
Anamaria Tamarjan
22%
Andreea Iridon
22%
Andreea Isarescu
22%
Andreea Ulmeanu
22%
Celestina Popa
22%
Cerasela Patrascu
22%
Denisa Golgota
22%
Dumitrita Turner
22%
Elena Leusteanu
22%
Eugenia Popa
22%
| 2005Florica Leonida
22%
Gabriela Dragoi
22%
Ionela Loaies
22%
Lacramioara Filip
22%
Laura Jurca
22%
Loredana Sucar
22%
Marilena Neacsu
22%
Melita Ruhn
22%
Mihaela Stanulet
22%
Mirela Pasca
22%
2002Oana Petrovschi
22%
Paula Tudorache
22%
Raluca Haidu
22%
Sabina Cojocar
22%
Sonia Iovan
22%
Stefania Stanila
22%
Vanda Hadarean
22%
Amalia Ghigoarta
11%
2022 | 2023Ana Barbosu
11%
Anca Zotta
11%
Andreea Cacovean
11%
Andreea Grigore
11%
2022Andreea Preda
11%
Carmen Ghiciuc
11%
Daniela Maranduca
11%
Elena Chiric
11%
1958Elena Dobrovolschi-Niculescu
11%
Emilia Vatasoiu-Lita
11%
Eugenia Golea
11%
Gabriela Potorac
11%
Ileana Petrosanu
11%
2017 | 2018Ioana Crisan
11%
| 1985Laura Cutina
11%
Laura Iacob
11%
Lilia Cosman
11%
Loredana Boboc
11%
2021Maria Ceplinschi
11%
Marilena Vladarau
11%
Mirela Barbalata
11%
Mirela Tugurlan
11%
Nica Ivanus
11%
Silvia Zarzu
11%
Simona Renciu
11%

Score Distribution

Percentile by Number Answered

Percent of People with Each Score

Your Score History

You have not taken this quiz since the last reset